000 00645nab a2200181 4500
001 244442
003 OSt
005 20240306095352.0
007 tu
008 200917s2020|||||||
040 _aDE-2950
_cDE-2950
245 0 0 _aBrückenabriss in der Markendorfer Straße
_bBauarbeiten. Über der RE1-Strecke wurde es am Wochenende ernst. Arbeiter trugen die erste Hälfte einer Brücke ab. Viel Zeit blieb nicht/
_cThomas Gutke, René Matschkowiak
264 _c2024
653 _aFrankfurt (Oder)
653 _aBrückenabriss
773 0 _g35. Jahrgang (2024) Nr. 55 vom 05.03..02.2024, S. 13 mit Foto
_tMärkische Oderzeitung
942 _2z
_cA
999 _c373014
_d373014